WWE tag teams - Statistics

General Stats
  • This quiz has been taken 341 times
  • The average score is 29 of 44
Answer Stats
Hint Answer % Correct
Hardy boyz Jeff hardy
97%
The shield Roman reigns
96%
Matt hardy
95%
Seth rollins
93%
Dean ambrose
92%
Big e
90%
The new day Kofi kingston
90%
Air boom Kofi kingston
90%
Rated RKO Randy orton
90%
Randy orton
90%
The usos Jimmy uso
88%
Evolution Triple h
87%
DX Triple h
87%
Jey uso
86%
The wyatt family Bray wyatt
82%
The bar Sheamus
82%
Xavier woods
82%
Edge
79%
Cesaro
78%
Batista
77%
Shawn michaels
76%
Luke harper
73%
Ric flair
73%
Chad gable
67%
Erick rowan
62%
NwO Kevin nash
61%
X-pac
58%
American Alpha Jason Jordan
57%
Bubba ray dudley
54%
Scott hall
54%
The dudley boyz Dvon dudley
53%
Best Luchador Sin cara
52%
Kalisto
51%
Chyna
49%
APA JBL
49%
Evan bourne
40%
Farooq
35%
MNM Johnny nitro
35%
Rey mysterio
35%
Joey mercury
31%
World's greatest tag team Shelton benjamin
30%
Charlie haas
25%
Hollywood hogan
22%
Lucha dragons Sin cara hunico
1%
No matching quizzes found
Score Distribution
Percent of People with Each Score
Percentile by Number Answered
Your Score History
You have not taken this quiz